| 000 | 00834cam a2200229 4500 | ||
|---|---|---|---|
| 001 | sa 68013854 | ||
| 003 | DLC | ||
| 005 | 20260227112626.0 | ||
| 008 | 691205s1968 ii 00000 eng | ||
| 010 | _asa 68013854 //r89 | ||
| 025 | _aPL480:I-E-9907 | ||
| 043 |
_aa-ii--- _ae-yu--- _af-ua--- |
||
| 050 | 0 | _aLAW | |
| 082 | _a382/.954 | ||
| 110 | 1 | 0 |
_aIndia (Republic). _kTreaties, etc. Dec. 23, 1967. |
| 245 | 1 | 0 | _aTrade expansion and economic cooperation agreement between India, U.A.R. and Yugoslavia, concluded on 23rd December 1967. |
| 260 | 0 |
_aNew Delhi, _bDirectorate of Commercial Publicity, Ministry of Commerce, Govt. of India _c[1968] |
|
| 300 |
_a39 p. _c24 cm. |
||
| 650 | 0 |
_aTariff _xLaw and legislation _zIndia. |
|
| 650 | 0 |
_aTariff _xLaw and legislation _zEgypt. |
|
| 650 | 0 |
_aTariff _xLaw and legislation _zYugoslavia. |
|
| 999 |
_c85403 _d85403 |
||